| 000 | 00685nas a2200241 4500 | ||
|---|---|---|---|
| 001 | BR9603781 | ||
| 003 | BR-BrBNA | ||
| 005 | 20231205094837.0 | ||
| 007 | ta | ||
| 008 | 230509b bl.|||p| |||| 00| 00por d | ||
| 040 |
_aBR-BrBNA _bpor _cBiblioteca Nacional de Agricultura |
||
| 041 | _a(Pt) | ||
| 072 | _aE50 | ||
| 100 | 1 | _aFacchini, O. | |
| 100 | 1 | _aTiburcio, C. | |
| 245 | 1 | _aGastrite e ulcera, como diagnosticar, prevenir e combater | |
| 650 | _aSaude Publica | ||
| 650 | _aMel | ||
| 650 | _aFarmacologia | ||
| 773 | 0 |
_tRevista Brasileira de Apicultura (Brazil) _x _g(1993), v. 3(7) p. 20-24 _wBR9603781 |
|
| 909 |
_a202311 _bLúcia _c55 _dLúcia Elande |
||
| 942 |
_2AGRIS _n0 _cANA |
||
| 999 |
_c147259 _d147259 |
||